| 000 | 00567cam a2200217ua 4500 | ||
|---|---|---|---|
| 001 | 6747 | ||
| 008 | 140212n ii |||gr||||Z||||||eng | ||
| 020 | _a0-256-01902-9 | ||
| 040 | _cMAIN | ||
| 082 | _a657.45 | ||
| 245 |
_aPrinciples of auditing _cBy Walter B. Meigs |
||
| 250 | _a6th ed. | ||
| 260 |
_aOntario: _bRichard D. Irwin, _c1977. |
||
| 300 | _axix,729p. | ||
| 653 | _aAccounting | ||
| 653 | _aPrinciples of auditing | ||
| 700 |
_aMeigs,Walter B., _eAuthor., |
||
| 700 |
_aLarsen,E. John, _eAuthor. |
||
| 700 |
_aMeigs,Robert F., _eAuthor. |
||
| 942 | _cBK | ||
| 999 |
_c5895 _d5895 |
||